000 00442nam a2200157Ia 4500
008 240729s9999 xx 000 0 und d
022 _a1687-0425
245 0 _aInternational Journal of Mathematics and Mathematical Sciences
260 _aUnited Kingdom
260 _bHindawi Limited
650 _a Mathematics
650 _aScience
856 _uhttps://doaj.org/toc/5ed40ed56aa84ec59f9780eb4f25c654
942 _2ddc
942 _cDOAJEJ
999 _c71438
_d71438
945 _a1
_bMadushi Gamage
_c1
_dMadushi Gamage